| 000 | 00579nam a2200193 a 4500 | ||
|---|---|---|---|
| 005 | 20260324064019.0 | ||
| 008 | 991125s1976 pe 000 0 spa u | ||
| 035 | _aUPN01000003826 | ||
| 049 | _aF | ||
| 050 | 4 |
_aLA596 _bS2.2 |
|
| 100 | 1 | _aSánchez Carlessi, Héctor Hugo | |
| 245 | 1 | 0 |
_aAportes de la psicología y la reforma educativa peruana / _cHéctor Hugo Sánchez Carlessi. |
| 260 |
_aLima : _bINIDE, _c1976. |
||
| 300 | _avii, 47 p. | ||
| 650 | 4 |
_aEducación _zPerú _99716 |
|
| 650 | 4 |
_aPsicología educativa _95197 |
|
| 650 | 4 |
_aReforma educativa _91530 |
|
| 905 | _aLibro | ||
| 999 |
_c3826 _d3826 |
||